Т. 3 : Тектоноэлектрические преобразования и изменение удельного сопротивления минералов и пород с увеличением давления в условиях залегания; Увеличение ионной электропроводности ионных кристаллов, минералов и горных пород во время пластической деформации и разрушения

Podrobná bibliografie
Parent link:Увеличение ионной электропроводности ионных кристаллов, минералов и горных пород во время пластической деформации и разрушения: [депонированная рукопись]/ А. А. Воробьев; Томский политехнический институт (ТПИ). Т. 3 : Тектоноэлектрические преобразования и изменение удельного сопротивления минералов и пород с увеличением давления в условиях залегания.— , 1981
Shrnutí:Деп. в ВИНИТИ 26.05.81, № 4409-81
Jazyk:ruština
Vydáno: 1981
Témata:
Médium: MixedMaterials Kniha
KOHA link:https://koha.lib.tpu.ru/cgi-bin/koha/opac-detail.pl?biblionumber=350702

MARC

LEADER 00000nam2a2200000 4500
001 350702
005 20231102010329.0
029 0 0 |a RU  |b 4409-81  |f ВИНИТИ  |c Деп 
035 |a (RuTPU)RU\TPU\retro\4961 
035 |a RU\TPU\retro\4942 
090 |a 350702 
100 |a 20190225d1981 k y0rusy50 ca 
101 0 |a rus 
102 |a RU 
105 |a a z 001zy 
200 0 |a Т. 3 : Тектоноэлектрические преобразования и изменение удельного сопротивления минералов и пород с увеличением давления в условиях залегания 
210 |d 1981 
215 |a 251 с.  |c ил. 
300 |a Деп. в ВИНИТИ 26.05.81, № 4409-81 
317 |5 63413507: КР-6041  |a Поступил в НТБ в 1987 г. в дар от вдовы ученого Е. К. Завадовской 
320 |a Библиогр. в конце гл. 
461 1 |0 (RuTPU)RU\TPU\retro\4977  |t Увеличение ионной электропроводности ионных кристаллов, минералов и горных пород во время пластической деформации и разрушения  |o [депонированная рукопись]  |f А. А. Воробьев  |g Томский политехнический институт (ТПИ)  |v Т. 3 : Тектоноэлектрические преобразования и изменение удельного сопротивления минералов и пород с увеличением давления в условиях залегания  |d 1981 
606 1 |a Геоэлектричество  |2 stltpush  |3 (RuTPU)RU\TPU\subj\6314  |9 34237 
610 1 |a депонированные рукописи 
610 1 |a библиотека А. А. Воробьева 
610 1 |a ионные кристаллы 
610 1 |a минералы 
610 1 |a горные породы 
610 1 |a ионная электропроводность 
610 1 |a пластическая деформация 
610 1 |a разрушение 
610 1 |a тектоноэлектрические преобразования 
610 1 |a удельное сопротивление 
675 |a 550.37  |v 4 
801 1 |a RU  |b 63413507  |c 20190222 
801 2 |a RU  |b 63413507  |c 20190429  |g RCR 
942 |c BK